Comparison of cucmbera (cucumis sativus.l) varieties at crops station in royal university of agriculture, ការប្រៀបធៀបពូជដំណាំត្រសក់នៅស្ថានីយ៍ពិសោធន៍ដំណាំ នៃសាកលវិទ្យាល័យភូមិន្ទកសិកម្ម (Record no. 7043)

000 -LEADER
fixed length control field 00735nam a22001577a 4500
003 - CONTROL NUMBER IDENTIFIER
control field OSt
005 - DATE AND TIME OF LATEST TRANSACTION
control field 20160225095745.0
008 - FIXED-LENGTH DATA ELEMENTS--GENERAL INFORMATION
fixed length control field 160225b xxu||||| |||| 00| 0 eng d
040 ## - CATALOGING SOURCE
Transcribing agency RUA
082 ## - DEWEY DECIMAL CLASSIFICATION NUMBER
Classification number AGR HOY 2014 B432 Or.1
100 ## - MAIN ENTRY--PERSONAL NAME
9 (RLIN) 7456
Personal name HOY SAMPHANAT ; ហូយ សំផាណាក់
245 ## - TITLE STATEMENT
Title Comparison of cucmbera (cucumis sativus.l) varieties at crops station in royal university of agriculture, ការប្រៀបធៀបពូជដំណាំត្រសក់នៅស្ថានីយ៍ពិសោធន៍ដំណាំ នៃសាកលវិទ្យាល័យភូមិន្ទកសិកម្ម
260 ## - PUBLICATION, DISTRIBUTION, ETC. (IMPRINT)
Place of publication, distribution, etc. Phnom Penh
Name of publisher, distributor, etc. RUA
Date of publication, distribution, etc. 2014
300 ## - PHYSICAL DESCRIPTION
Extent x ;47p.
Other physical details ill.
Dimensions 29cm.
942 ## - ADDED ENTRY ELEMENTS (KOHA)
Source of classification or shelving scheme
Koha item type AGR
Holdings
Price effective from Date last seen Permanent Location Not for loan Date acquired Source of classification or shelving scheme Koha item type Lost status Withdrawn status Date last checked out Total Checkouts Shelving location Damaged status Barcode Current Location Full call number
2016-02-252019-05-07Library Block B 2016-02-25 AGR  2019-04-301B432 RUA051620Library Block BAGR HOY 2014 B432 Or.1
2016-02-252018-12-14Library Block B 2016-02-25 AGR  2018-10-317B432 RUA051622Library Block BAGR HOY 2014 B432 Or.2
2016-02-252016-08-08Library Block B 2016-02-25 AGR  2016-07-203B432 RUA051614Library Block BAGR HOY 2014 B432 Or.3
2016-02-252018-09-21Library Block B 2016-02-25 AGR  2018-08-315B432 RUA052225Library Block BAGR HOY 2014 B432 Or.4
2016-02-252016-07-26Library Block B 2016-02-25 AGR  2016-07-171B432 RUA051903Library Block BAGR HOY 2014 B432 Or.5
2016-02-252019-01-14Library Block B 2016-02-25 AGR  2018-12-192B432 RUA052165Library Block BAGR HOY 2014 B432 Or.6
2016-02-252023-11-17Library Block B 2016-02-25 AGR  2023-11-075B432 RUA050941Library Block BAGR HOY 2014 B432 Or.7
2016-02-252020-11-27Library Block B 2016-02-25 AGR  2020-08-101B432 RUA050875Library Block BAGR HOY 2014 B432 Or.8
2021-12-152023-12-29Library Block B 2021-12-15 AGR  2023-12-011B642 a10014Library Block BAGR HOY 2014 B642 Or.1
2021-12-152024-07-22Library Block B 2021-12-15 AGR  2024-07-052B642 a09921Library Block BAGR HOY 2014 B642 Or.1
មជ្ឈមណ្ឌលឯការនៃសាកលវិទ្យាល័យភូមិន្ទកសិកម្មចំការដូង

Powered by Koha